00289nam a2200109Ia 4500008004100000041000800041082001400049100002600063245004400089260002200133300002400155240624s9999 xx 000 0 und d aeng a332.1 RBI aRESERVE BANK OF INDIA aREPORT ON TREND AND PROGRESS OF BANKING c2009aMumbaibRBI a385 : p. : cm. ; 28